التواصل الفعال (Record no. 12391)
[ view plain ]
| 000 -LEADER | |
|---|---|
| fixed length control field | 00680nam a22001697a 4500 |
| 008 - FIXED-LENGTH DATA ELEMENTS--GENERAL INFORMATION | |
| fixed length control field | 090726t xxu||||| |||| 00| 0 eng d |
| 020 ## - INTERNATIONAL STANDARD BOOK NUMBER | |
| International Standard Book Number | 9953100608 |
| 082 ## - DEWEY DECIMAL CLASSIFICATION NUMBER | |
| Classification number | 658.315 |
| Item number | ت و ص |
| 245 ## - TITLE STATEMENT | |
| Title | التواصل الفعال |
| 260 ## - PUBLICATION, DISTRIBUTION, ETC. (IMPRINT) | |
| Place of publication, distribution, etc | بيروت: |
| Name of publisher, distributor, etc | مكتبة لبنان، |
| Date of publication, distribution, etc | 2001 |
| 300 6# - PHYSICAL DESCRIPTION | |
| Extent | 69 ؛ ص |
| Dimensions | 19 سم |
| 490 ## - Series Statement | |
| Series statement | الإدارة المثلى |
| 650 ## - SUBJECT ADDED ENTRY--TOPICAL TERM | |
| 9 (RLIN) | 8099 |
| Topical term or geographic name as entry element | العلاقات الوظيفية |
| 650 ## - SUBJECT ADDED ENTRY--TOPICAL TERM | |
| 9 (RLIN) | 8098 |
| Topical term or geographic name as entry element | ادارة الأفراد |
| 942 ## - ADDED ENTRY ELEMENTS (KOHA) | |
| Source of classification or shelving scheme | Dewey Decimal Classification |
| Item type | Book - Borrowing |
| Withdrawn status | Item status | Source of classification or shelving scheme | Damaged status | Not for loan | Vendor | Home library | Current library | Shelving location | Date acquired | Source of acquisition | Total Checkouts | Total Renewals | Full call number | Barcode | Date last seen | Date last borrowed | Koha item type |
|---|---|---|---|---|---|---|---|---|---|---|---|---|---|---|---|---|---|
| Dewey Decimal Classification | Alef-Baa | Central Library | Central Library | First floor | 26/07/2009 | 1 | 17 | 658.315 الت | 000017388 | 15/07/2025 | 25/03/2010 | Book - Borrowing |